000 00430nam a2200169Ia 4500
008 131103s9999 xx 000 0 und d
040 _aLoreto College
041 _aEnglish
082 _aF/MAC
_bLCLIB/18019
100 _aMacLean,Alistair
245 _aNight without end
_cAlistair MacLean
260 _aLondon
_bCollins
_c1960
300 _a256 p.
_c 20 cm.
650 _aFiction in English
850 _aLCLIB
942 _cBK
999 _c16470
_d66949